000 00729nam a2200217 i 4500
001 41848
003 ES-MaACL
005 20250815111833.0
007 t|
008 030312s1916 sp ||||1| spa d
100 1 _aCasares Gil, José,
_d1866-1961
_936166
245 1 0 _aTratado de análisis químico /
_cpor José Casares Gil.
260 _aMadrid :
_b[s.n.],
_c1916 (
_fEduardo Arias)
300 _a2 v. ;
_c21 cm.
505 8 _aContiene: V. I: Análisis cualitativo mineral. -- V. II: Análisis químico cuantitativo
650 0 7 _aQuímica analítica
_2embne
_916630
740 0 _aAnálisis cualitativo mineral.
740 0 _aAnálisis químico cuantitativo.
852 _aES-MaACL
_jB-11432-33
999 _c41848
_d41848